000 00917cam a22003017a 4500
003 CHAP
005 20220329134254.0
008 971013s r 00010 d
010 _a17925
011 _a18897
035 _a22982
040 _cCHAP
082 _a570.8
_bH8
100 0 0 _aHuxley, Julian Sorell.
_957054
245 1 3 _aLa ciencia de la vida
260 _aMadrid :
_bM. Aguilar,
_c(s.a)
300 _a2 v.
_b: ilus.
590 _aBATCH-UPD
_b10
_c20130110
_lUCH01
_h2217
590 _aBATCH-UPD
_b10
_c20130410
_lUCH01
_h1517
590 _aBATCH-UPD
_b10
_c20130914
_lUCH01
_h0633
590 _aCONVERSION
_b10
_c20130109
_lUCH01
_h1311
650 1 4 _aBiologĂ­a
_xObras colectivas.
_912796
700 0 _aWells, H. G.
_9121444
901 _aBK
942 _cLIBRO
949 _a570.8 H8
_bBC
_cLIBRO
_d33724000477402
_eLIBRO
_fv.2
_h7935
_i22982
_si
949 _a570.8 H8
_bBC
_cMUT
_d-53610
_eMUT
_fv.1
_h7934
_i22982
_si
999 _c17925
_d17925